01429 a2200241 4500003000500000005001700005010001700022020003600039040000900075082001400084245010200098260006100200300003300261505056800294650001700862650005100879650002000930700002100950700001900971700002300990856009101013856008301104Nust20221021130735.0 a 2004016224 a0470850868 (cloth : alk. paper) cNust00a620.5,NAN00aNanoscale science and technology /cedited by Robert W Kelsall, Ian W Hamley, and Mark Geoghegan. aChichester, England ;aHoboken, NJ :bJohn Wiley,c2005. axv, 456 p. :bill. ;c25 cm. aGeneric methodologies for nanotechnology: classification and fabrication (Pagr-1), Generic methodologies for nanotechnology: characterization (Page-56), Inorganic semiconductor nanostructures (Page-130), Nanomagnetic materials and devices (Page-203), Processing and properties of inorganic nanomaterials (Page-237), Electronic and electro-optic molecular materials and devices (Page-282), Self-assembling nanostructured molecular materials and devices (Page-343), Macromolecules at interfaces and structured organic films (Page-377), Bionanotechnology (Page-419), 0aNanoscience. 0aNanostructured materialsxMagnetic properties. 0aNanotechnology.1 aGeoghegan, Mark.1 aHamley, Ian W.1 aKelsall, Robert W.413Publisher descriptionuhttp://www.loc.gov/catdir/enhancements/fy0616/2004016224-d.html413Table of contents onlyuhttp://www.loc.gov/catdir/toc/ecip0420/2004016224.html